<?xml version="1.0" encoding="UTF-8"?>
<collection xmlns="http://www.loc.gov/MARC21/slim">
 <record>
  <leader>01666nam a2200205Ia 4500</leader>
  <controlfield tag="001">CTU_152954</controlfield>
  <controlfield tag="008">210402s9999    xx            000 0 und d</controlfield>
  <datafield tag="020" ind1=" " ind2=" ">
   <subfield code="c">98.4</subfield>
  </datafield>
  <datafield tag="082" ind1=" " ind2=" ">
   <subfield code="a">346.0664</subfield>
  </datafield>
  <datafield tag="082" ind1=" " ind2=" ">
   <subfield code="b">T235</subfield>
  </datafield>
  <datafield tag="245" ind1=" " ind2="0">
   <subfield code="a">Tax and corporate governance</subfield>
  </datafield>
  <datafield tag="245" ind1=" " ind2="0">
   <subfield code="c">Wolfgang Schon, editor</subfield>
  </datafield>
  <datafield tag="260" ind1=" " ind2=" ">
   <subfield code="a">Berlin</subfield>
  </datafield>
  <datafield tag="260" ind1=" " ind2=" ">
   <subfield code="b">Springer Verlag</subfield>
  </datafield>
  <datafield tag="260" ind1=" " ind2=" ">
   <subfield code="c">c2008</subfield>
  </datafield>
  <datafield tag="520" ind1=" " ind2=" ">
   <subfield code="a">The interaction of tax and corporate governance forms an emerging issue both in business and administrative practice and in academic research. International organizations (OECD, EC) have begun to explore the effects corporate governance rules exert on the tax policy of large businesses; governments try to employ corporate and securities law as a means to further their fiscal interest. Academic research shows that well-known principal-agent and capital market problems are strongly influenced by tax considerations. Against this background, this volume is the first to present a fully-fledged overview of the interdependence of tax and corporate governance. Not only the basic political, legal and economic questions but also major topics like income measurement, shareholding structures, corporate social responsibility and tax shelter disclosure are covered extensively by leading authors</subfield>
  </datafield>
  <datafield tag="650" ind1=" " ind2=" ">
   <subfield code="a">Corporations,Corporate governance,Tập đoàn kinh tế,Quản lý tập đoàn kinh tế</subfield>
  </datafield>
  <datafield tag="650" ind1=" " ind2=" ">
   <subfield code="x">Taxation,Law and legislation,Law and legislation,Thuế,Luật và các văn bản hướng dẫn thi hành,Luật và các văn bản hướng dẫn thi hành</subfield>
  </datafield>
  <datafield tag="904" ind1=" " ind2=" ">
   <subfield code="i">Nguyên</subfield>
  </datafield>
  <datafield tag="980" ind1=" " ind2=" ">
   <subfield code="a">Trung tâm Học liệu Trường Đại học Cần Thơ</subfield>
  </datafield>
 </record>
</collection>
